| 000 | 00612nam a2200217 a 4500 | ||
|---|---|---|---|
| 001 | 14008 | ||
| 003 | CO-ViMGA | ||
| 008 | 141112s2004 ck r 000 u spa d | ||
| 020 | _a8487520162 | ||
| 040 |
_aCO-ViMGA _bspa _cCO-ViMGA |
||
| 082 | 0 | 4 | _a796.334 L663 |
| 100 | 1 |
_aLopez R., Alberto _920466 |
|
| 245 | 1 | 0 |
_aFutbol : _bplanificacion del entrenamiento para juveniles de elite |
| 250 | _a2 | ||
| 260 |
_aSevilla : _bWanceulen, _c1997 |
||
| 300 | _a126 | ||
| 590 | _aForma de adquisición : Compra | ||
| 650 | 1 | 4 |
_aENTRENAMIENTO DE FUTBOL _915811 |
| 650 | 1 | 4 |
_aFUTBOL - PLANEACION _920467 |
| 942 |
_2ddc _cBK |
||
| 999 |
_c24709 _d24709 |
||